| 000 | 01843nam a2200493Ii 4500 | ||
|---|---|---|---|
| 001 | DIGNARCEA0293 | ||
| 003 | NyNyDIG | ||
| 008 | 190701s2016 sp a ob 000 0 spa d | ||
| 006 | m o d | ||
| 007 | cr ||||||||||| | ||
| 035 | _a(OCoLC)1107553423 | ||
| 040 |
_aDGITA _beng _erda _epn _cDGITA |
||
| 020 |
_a9788427721395 _q(eBook) |
||
| 020 |
_a8427721390 _q(eBook) |
||
| 020 | _z9788427721388 | ||
| 020 | _z8427721382 | ||
| 050 | 1 | 4 | _aLB3013.3 ebook |
| 082 | 0 | 4 | _a371.782 |
| 100 | 1 |
_aUruñuela Nájera, Pedro Ma., _eauthor. |
|
| 245 | 1 | 0 |
_aTrabajar la convivencia en los centros educativos : _buna mirada al bosque de la convivencia / _cPedro Ma. Uruñuela Nájera. |
| 264 | 1 |
_aMadrid : _bNarcea, S.A. de Ediciones, _c[2016] |
|
| 300 |
_a1 online resource : _billustrations. |
||
| 336 |
_atext _btxt _2rdacontent |
||
| 337 |
_acomputer _bc _2rdamedia |
||
| 338 |
_aonline resource _bcr _2rdacarrier |
||
| 347 |
_atext file _2rdaft |
||
| 347 | _bPDF | ||
| 490 | 1 | _aEducación hoy. Estudios | |
| 504 | _aIncludes bibliographical references. | ||
| 588 | 0 | _aOnline resource; title from PDF title page (Digitalia, viewed July 8, 2019) | |
| 650 | 0 |
_aSchool violence _xPrevention. |
|
| 650 | 0 | _aSchool discipline. | |
| 650 | 0 | _aConflict management. | |
| 650 | 0 | _aClassroom management. | |
| 655 | 0 | _aElectronic books. | |
| 791 | 2 |
_aDigitalia (Firm), _edistributor. |
|
| 793 | 0 |
_gDigitalia eBook Collection: _aNarcea Ediciones |
|
| 776 | 0 | 8 |
_iPrint version: _aUruñuela, Pedro M., _tTrabajar la convivencia en los centros educativos _z9788427721388 _w(OCoLC)992033954 |
| 830 | 0 |
_aEducación hoy (Narcea (Firm)) ; _v137. |
|
| 830 | 0 |
_aEducación hoy (Narcea (Firm)). _pEstudios. |
|
| 856 | 4 | 0 |
_3Digitalia Hispánica _uhttps://www.digitaliapublishing.com/a/44231/ |
| 910 | _aPremium collection: 2019 | ||
| 942 | _cRAA | ||
| 999 |
_c248524 _d248524 |
||